Cançons d'infants [Música impresa] / Narcisa Freixas ; ilustracions [sic.] de Torné Esquius
Descripción Física:
28 p. : il. col. ; 23 x 26 cm
Otros Autores:
Torné i Esquius, Pere, il
Materias:
Cançons infantils -- Catalunya
MARC
| LEADER | 00000nam a2200000Ia 4500 | ||
|---|---|---|---|
| 001 | 13621 | ||
| 008 | 160829s9999 xx 000 0 cat d | ||
| 080 | |a RF-9-4 | ||
| 100 | |a Freixas, Narcisa |9 39139 | ||
| 245 | |a Cançons d'infants [Música impresa] / Narcisa Freixas ; ilustracions [sic.] de Torné Esquius | ||
| 250 | |a 4a ed. | ||
| 260 | |a [Barcelona? : |b s.n., post. 1905] | ||
| 300 | |a 28 p. : |b il. col. ; |c 23 x 26 cm | ||
| 590 | |a Cançons premiades en la Festa de la Música Catalana de 1905 | ||
| 650 | |a Cançons infantils |x Catalunya |9 29156 | ||
| 700 | |a Torné i Esquius, Pere, il. |9 39140 | ||
| 856 | 4 | |u https://media.diba.cat/diba/fitxers/arxiu/fulletons/bib_13621_1905_baixa.pdf |y Accés lliure | |
| 856 | 4 | |u https://media.diba.cat/diba/fitxers/arxiu/fulletons/bib_13621_1905_baixa.pdf |y Accés lliure | |
| 901 | |a Arxiu | ||
| 942 | |n 1 |2 udc | ||
| 952 | |0 0 |1 0 |4 0 |6 RF94 |7 1 |9 48829 |a Arxiu |b Arxiu |d 2016-12-01 |l 0 |o RF-9-4 |p 13621 |r 2016-12-01 00:00:00 |w 2016-12-01 |y ARXIU | ||
| 999 | |c 52664 |d 52664 | ||
| 900 | |a bib_13621_1905_baixa.pdf | ||